Sgt Peppers Lonely Hearts Club Band Reprise Quiz Stats

 Plays Quiz not verified by Sporcle

Score 0/79 Timer 04:00
0 Plays Today
Answer % Correct
Hearts
100%
Hearts
100%
Hearts
100%
Hearts
100%
Hearts
100%
Sgt
98.6%
Lonely
98.6%
Club
98.6%
We
98.6%
You
98.6%
The
98.6%
Sgt
98.6%
Lonely
98.6%
Club
98.6%
Sgt
98.6%
Lonely
98.6%
Sgt
98.6%
Lonely
98.6%
Sgt
98.6%
Lonely
98.6%
Sgt
98.6%
Lonely
98.6%
Sgt
98.6%
Lonely
98.6%
Club
98.6%
You
98.6%
Sgt
98.6%
And
98.6%
Lonely
98.6%
Club
98.6%
The
98.6%
Sgt
98.6%
Lonely
98.6%
Sgt
98.6%
Lonely
98.6%
Sgt
98.6%
Lonely
98.6%
Club
98.6%
Peppers
97.2%
Peppers
97.2%
Answer % Correct
Peppers
97.2%
Peppers
97.2%
Peppers
97.2%
Peppers
97.2%
Peppers
97.2%
Peppers
97.2%
Peppers
97.2%
Peppers
97.2%
Peppers
97.2%
Band
95.8%
Band
95.8%
Band
95.8%
Band
95.8%
Band
95.8%
Hope
94.4%
Show
94.4%
We're
93%
We're
93%
Enjoyed
90.1%
It's
90.1%
To
90.1%
To
90.1%
It's
90.1%
Go
88.7%
Sorry
85.9%
But
85.9%
Have
84.5%
Time
84.5%
One
77.5%
Only
76.1%
Getting
73.2%
Near
71.8%
Very
70.4%
End
70.4%
Like
64.8%
We'd
63.4%
Once
63.4%
Again
63.4%
Thank
60.6%

You're not logged in!

Compare scores with friends on all Sporcle quizzes.
OR
Log In

Sporcle TV

Today on Sporcle TV


Watch our educational content, quiz creation guides, and fun videos on Sporcle TV.

Show Comments

Extras

Top Quizzes Today


Score Distribution

Your Account Isn't Verified!

In order to create a playlist on Sporcle, you need to verify the email address you used during registration. Go to your Sporcle Settings to finish the process.

Report this User

Report this user for behavior that violates our Community Guidelines.

Details: